<?xml version="1.0" encoding="UTF-8"?>
<marc:record xmlns:marc="http://www.loc.gov/MARC21/slim">
   <marc:leader>00000nam a2200000 a 4500</marc:leader>
   <marc:datafield ind1="1" ind2=" " tag="100">
      <marc:subfield code="a">Speidel, Jutta</marc:subfield>
      <marc:subfield code="4">aut</marc:subfield>
      <marc:subfield code="e">Verfasser/-in</marc:subfield>
   </marc:datafield>
   <marc:datafield ind1="0" ind2="0" tag="245">
      <marc:subfield code="a">Zwei Esel auf Sardinien</marc:subfield>
   </marc:datafield>
   <marc:datafield ind1="0" ind2="0" tag="245">
      <marc:subfield code="b">Ein deutsch-italienisches Abenteuer</marc:subfield>
   </marc:datafield>
   <marc:datafield ind1=" " ind2="1" tag="264">
      <marc:subfield code="b">Ullstein Taschenbuch</marc:subfield>
      <marc:subfield code="c">2012</marc:subfield>
   </marc:datafield>
   <marc:datafield ind1="1" ind2=" " tag="520">
      <marc:subfield code="a">Vom Drahtesel zum Esel - nachdem Jutta Speidel und Bruno Maccallini in ihrem Bestseller "Wir haben gar kein Auto ..." per Rad die Alpen überquert haben, satteln die beiden jetzt um: Auf zwei Eseln wollen sie zur Hochzeit eines Cousins in der sardischen Provinz. Ihre erste Erkenntnis: Wer mit störrischen Grautieren unterwegs ist, steht manchmal eine halbe Stunde in der Gegend herum ... Ein neues, wunderbar komisches Abenteuer vom deutsch-italienischen Dreamteam!</marc:subfield>
   </marc:datafield>
   <marc:datafield ind1=" " ind2=" " tag="020">
      <marc:subfield code="a">9783548374093</marc:subfield>
      <marc:subfield code="9">9783548374093</marc:subfield>
   </marc:datafield>
</marc:record>
